000 00298nam a22001337a 4500
008 170522b xxu||||| |||| 00| 0 eng d
020 _a2900312652783
041 _aeng
080 _23RD
_a94(7/8)
100 _a16
101 _aSHH
245 _aGOING TO THE SOURCE
_cBROWN, V.B
942 _2udc
_cBK
999 _c13805
_d13805